[Event "IECC O email"]
[Site "IECC email"]
[Date "2000.05.30"]
[Round "?"]
[White "Mayes, John"]
[Black "Dettmann, Terry"]
[Result "0-1"]
[WhiteElo "1337"]
[BlackElo "1325"]
[PlyCount "26"]
[EventDate "2000.??.??"]
[EventType "tourn (corr)"]
[EventRounds "6"]
[SourceTitle "Corr 2008"]
[Source "ChessBase"]
[SourceDate "2008.06.24"]
[SourceVersion "1"]
[SourceVersionDate "2008.06.24"]
[SourceQuality "1"]

1. c4 Nf6 2. Nc3 g6 3. g3 Bg7 4. Bg2 0-0 5. Nf3 d6 6. 0-0 c5 7. e3 Be6 8. d3 Nc6 9. a3 Bf5 10. Qc2 Qd7 11. b3 d5 12. Bb2 dxc4 13. bxc4 Bxd3 0-1

[Event "IECC O email"]
[Site "IECC email"]
[Date "2000.04.10"]
[Round "?"]
[White "Ahlers, Heinz W"]
[Black "Mayes, John"]
[Result "1-0"]
[WhiteElo "1274"]
[BlackElo "1356"]
[PlyCount "59"]
[EventDate "2000.??.??"]
[EventType "tourn (corr)"]
[EventRounds "6"]
[SourceTitle "Corr 2008"]
[Source "ChessBase"]
[SourceDate "2008.06.24"]
[SourceVersion "1"]
[SourceVersionDate "2008.06.24"]
[SourceQuality "1"]

1. e4 c5 2. Nc3 e6 3. g3 d5 4. exd5 exd5 5. Bg2 Nf6 6. Nge2 d4 7. Ne4 Nxe4 8. Bxe4 Nd7 9. d3 Nf6 10. Bg2 Bd6 11. Bf4 0-0 12. Bxd6 Qxd6 13. c3 Bg4 14. 0-0 Rfe8 15. Re1 Re7 16. h3 Bh5 17. g4 Bg6 18. Qd2 Rae8 19. Bf3 h6 20. a3 b6 21. Red1 Nd7 22. Nf4 Ne5 23. Bd5 Bh7 24. c4 g5 25. Nh5 Bxd3 26. f4 Ng6 27. Qxd3 Nxf4 28. Nxf4 Qxf4 29. Qg6+ Kh8 30. Qxh6+ 1-0